FAO statistical development series N.2e Supplement for Africa programme for the 1990 world census of agriculture

محفوظ في:
التفاصيل البيبلوغرافية
المؤلف الرئيسي: FAO
التنسيق: كتاب
اللغة:Undetermined
منشور في: Rome FAO 1991
الموضوعات:
الوسوم: إضافة وسم
لا توجد وسوم, كن أول من يضع وسما على هذه التسجيلة!
Thư viện lưu trữ: Trung tâm Học liệu Trường Đại học Cần Thơ
LEADER 00579nam a2200193Ia 4500
001 CTU_3598
008 210402s9999 xx 000 0 und d
082 |a 310 
082 |b S797/N.2e 
100 |a FAO 
245 0 |a FAO statistical development series N.2e 
245 0 |b Supplement for Africa programme for the 1990 world census of agriculture 
245 0 |c FAO 
260 |a Rome 
260 |b FAO 
260 |c 1991 
650 |a agriculture - statistics,statistics 
904 |i Nguyễn Quang Điền, 960530 
980 |a Trung tâm Học liệu Trường Đại học Cần Thơ